[Event "North American-ch U12"]
[Site "Montreal"]
[Date "2010.08.16"]
[Round "1"]
[White "Lusterio Adler, Ben"]
[Black "Li, Yinshi"]
[Result "0-1"]
[WhiteElo "436"]
[BlackElo "1634"]
[PlyCount "62"]
[EventDate "2010.08.16"]
[EventType "swiss"]
[EventRounds "7"]
[EventCountry "CAN"]
[SourceTitle "EXT 2013"]
[Source "ChessBase"]
[SourceDate "2012.11.22"]
[SourceVersion "1"]
[SourceVersionDate "2012.11.22"]
[SourceQuality "1"]

1. e4 e6 2. Bb5 c6 3. Ba4 d5 4. Nc3 Bc5 5. Nh3 Ne7 6. b3 b5 7. Bb2 Bd4 8. Ne2 Bxb2 9. Rb1 Bf6 10. 0-0 0-0 11. Ng3 g6 12. Qe2 bxa4 13. bxa4 Nd7 14. Qe3 dxe4 15. Nxe4 Bg7 16. Qf4 Nb6 17. Qh4 Nf5 18. Nhg5 Nxh4 19. g3 Nf5 20. g4 Nd6 21. Rb3 Nxe4 22. Nxe4 Qd5 23. Re1 Ba6 24. Nc3 Qxd2 25. Rd1 Qxc3 26. Rxc3 Bxc3 27. Rb1 Rfd8 28. Rb3 Nxa4 29. Ra3 c5 30. Rxa4 Bb7 31. Rc4 Rd1# 0-1